[Event "2010 Gold Coast International Chess Tournament"]
[Site "Gold Coast Australia"]
[EventDate "2010.12.26"]
[Date "2010.12.26"]
[Round "1"]
[White "Forsyth, Graham"]
[WhiteTitle "-"]
[WhiteElo "1622"]
[Black "Zhao, Yuan-Zong"]
[BlackTitle "GM"]
[BlackElo "2586"]
[Result "0-1"]
[Source "MonRoi"]

1. e4 e6 2. d4 d5 3. Nd2 Nf6 4. e5 Nfd7 5. Ngf3 c5 6. c3 Nc6 7. Be2 Qb6 8. Qb3 cxd4 9. Qxb6 axb6 10. cxd4 Nb4 11. O-O Rxa2 12. Rxa2 Nxa2 13. Bb5 Be7 14. Nb3 Nxc1 15. Rxc1 Kd8 16. g3 Nb8 17. h4 Bd7 18. Be2 Nc6 19. Kg2 Kc7 20. Rc2 h6 21. Nbd2 Ra8 22. Nb1 Kd8 23. Nc3 Ra1 24. Nb5 Nb4 25. Rd2 Ra5 26. Nc3 b5 27. h5 Na2 28. Ne1 Nc1 29. Nd3 Nb3 30. Rd1 b4 31. Nb1 Nxd4 32. Kf1 Bb5 33. Nf4 Nxe2 34. Nxe2 Ra2 35. Ke1 Rxb2 36. Nd4 Ba4 37. Rc1 b3 38. Nd2 Bb4 39. N4f3 Bb5 40. Ra1 Ra2 41. Rb1 Bd3++  0-1

[Event "2010 Gold Coast International Chess Tournament"]
[Site "Gold Coast Australia"]
[EventDate "2010.12.26"]
[Date "2010.12.26"]
[Round "1"]
[White "Xie, George"]
[WhiteTitle "IM"]
[WhiteElo "2478"]
[Black "Gacho, Manuel"]
[BlackTitle "-"]
[BlackElo "1611"]
[Result "1-0"]
[Source "MonRoi"]

1. d4 g6 2. e4 Bg7 3. Nc3 c6 4. f4 d5 5. e5 h5 6. Nf3 Bg4 7. h3 Bf5 8. Be3 Nh6 9. Bf2# Nd7 10. Nh4 Qb6 11. Nxf5 Nxf5 12. Qd2 Nf8 13. Bd3 Nh6 14. Na4 Qc7 15. b3 f6 16. O-O f5 17. c4 Ne6 18. Rac1 Qd8 19. cxd5 cxd5 20. Nc5 Nxc5 21. Rxc5 O-O 22. Rxd5 Qb6 23. Rd7 Qc6 24. Rxe7 Rac8 25. Bc4 Kh7 26. d5  1-0

[Event "2010 Gold Coast International Chess Tournament"]
[Site "Gold Coast Australia"]
[EventDate "2010.12.26"]
[Date "2010.12.26"]
[Round "1"]
[White "Ikeda, Junta"]
[WhiteTitle "FM"]
[WhiteElo "2262"]
[Black "Shanks, Jack"]
[BlackTitle "-"]
[BlackElo "1591"]
[Result "1-0"]
[Source "MonRoi"]

1. e4 e5 2. f4 exf4 3. Bc4 Be7 4. Nc3 c6 5. d4 Bh4 6. Kf1 Ne7 7. g3 d5 8. Bb3 Bg5 9. h4 Bh6 10. g4 g6 11. Qf3 Be6 12. Bxf4++ Bg7 13. Re1 O-O 14. h5 Qd7 15. Rh4 h6 16. Nh3 f5 17. exf5 Nxf5 18. gxf5 Bxf5 19. hxg6 Bxh3 20. Kg1 Na6 21. Nxd5 cxd5 22. Bxd5 Kh8 23. Rxh6 Bxh6 24. Be5 Be3  1-0

[Event "2010 Gold Coast International Chess Tournament"]
[Site "Gold Coast Australia"]
[EventDate "2010.12.26"]
[Date "2010.12.26"]
[Round "1"]
[White "Brown, Andrew"]
[WhiteTitle "-"]
[WhiteElo "2175"]
[Black "Stewart, Craig"]
[BlackTitle "-"]
[BlackElo "1548"]
[Result "1-0"]
[Source "MonRoi"]

1. d4 Nf6 2. c4 e5 3. dxe5 Ng4 4. Bf4 Nc6 5. Nf3 Bb4 6. Nbd2 Qe7 7. e3 Ngxe5 8. Nxe5 Nxe5 9. Be2 O-O 10. a3 Bxd2 11. Qxd2 d6 12. O-O Be6 13. c5 f6 14. cxd6 cxd6 15. b4 Rac8 16. Rac1 Rxc1 17. Rxc1 Rc8 18. Rxc8 Bxc8 19. Qd4 b6 20. Qd5 Be6 21. Qa8 Kf7 22. e4 g5 23. Qh8 Kg6 24. Be3 Nc4 25. Bd4 Qg7 26. Qd8 Nxa3 27. Bd3 Bc4 28. Bxf6 Qf7 29. Qxd6 Bxd3 30. Bh8 Kh5 31. Qxd3 Qa2 32. Qh3 Kg6 33. Qf5 Kh6 34. Qf8 Kh5 35. Qe8 Kh6 36. g4  1-0

[Event "2010 Gold Coast International Chess Tournament"]
[Site "Gold Coast Australia"]
[EventDate "2010.12.26"]
[Date "2010.12.26"]
[Round "1"]
[White "Nakauchi, Gene"]
[WhiteTitle "FM"]
[WhiteElo "2128"]
[Black "Stahnke, Axel"]
[BlackTitle "-"]
[BlackElo "1505"]
[Result "0-1"]
[Source "MonRoi"]

1. d4 Nf6 2. Nf3 c5 3. d5 e6 4. c4 exd5 5. cxd5 d6 6. Nc3 g6 7. e4 a6 8. a4 Bg4 9. Be2 Bxf3 10. Bxf3 Bg7 11. O-O O-O 12. g3 Nbd7 13. Bg2 Rc8 14. Rb1 Re8 15. f3 c4 16. Be3 Nc5 17. Bd4 Nb3 18. Bf2 Nd7 19. Re1 Ne5 20. Bf1 Qc7 21. f4 Nd7 22. Bg2 Qa5 23. Ne2 Nd2 24. b4 cxb3 25. Rxb3 Nxb3 26. Qxb3 Nc5 27. Qb1 Qxa4 28. Bxc5 Rxc5 29. Qxb7 Qb5 30. Rb1 Qxe2  0-1

[Event "2010 Gold Coast International Chess Tournament"]
[Site "Gold Coast Australia"]
[EventDate "2010.12.26"]
[Date "2010.12.26"]
[Round "1"]
[White "Guo, Emma"]
[WhiteTitle "WFM"]
[WhiteElo "1965"]
[Black "Ousmand, T V"]
[BlackTitle "-"]
[BlackElo "1452"]
[Result "1-0"]
[Source "MonRoi"]

1. d4 d5 2. Nf3 Nf6 3. Bf4 Bg4 4. e3 e6 5. Bd3 Bf5 6. c3 Nbd7 7. O-O Bxd3 8. Qxd3 Ne4 9. Nbd2 Ndf6 10. Qb5 Nd7 11. Nxe4 dxe4 12. Ne5 Rb8 13. d5 a6 14. Qxd7 Qxd7 15. Nxd7 Kxd7 16. dxe6 Kxe6 17. Bxc7 Rc8 18. Bb6 Rc6 19. Bd4 b5 20. Rfd1 f6 21. Kf1 Bd6 22. Ke2 b4 23. Rd2 Rhc8 24. Rad1 bxc3 25. Bxc3 Be5 26. Bxe5 Kxe5 27. Rd7 R8c7 28. Rd8 f5 29. f3 Rg6 30. R1d5 Ke6 31. R8d6 Ke7 32. Rxg6 exf3 33. gxf3 hxg6 34. Kd3 Ke6 35. e4 Rc1 36. Ra5++  1-0

[Event "2010 Gold Coast International Chess Tournament"]
[Site "Gold Coast Australia"]
[EventDate "2010.12.26"]
[Date "2010.12.26"]
[Round "1"]
[White "Lester, George"]
[WhiteTitle "-"]
[WhiteElo "1934"]
[Black "Cervenjak, Mark"]
[BlackTitle "-"]
[BlackElo "1417"]
[Result "1-0"]
[Source "MonRoi"]

1. Nf3 d5 2. g3 Nc6 3. Bg2 e5 4. d3 Nf6 5. O-O Be7 6. Nbd2 O-O 7. e4 dxe4 8. dxe4 Bg4 9. h3 Bxf3 10. Bxf3 Qd7 11. Kh2 Rad8 12. c3 Qe6 13. Qb3 Qxb3 14. axb3 Bc5 15. b4 Bb6 16. Nc4 Nd7 17. Nxb6 axb6 18. Bg5 f6 19. Be3 Ra8 20. Bg4 Rad8 21. Rfd1 Ndb8 22. Be6 Kh8 23. b5 Rxd1 24. Rxd1 Na7 25. c4 Nc8 26. c5 c6 27. cxb6 Re8 28. Bf7  1-0

[Event "2010 Gold Coast International Chess Tournament"]
[Site "Gold Coast Australia"]
[EventDate "2010.12.26"]
[Date "2010.12.26"]
[Round "2"]
[White "Zhao, Yuan-Zong"]
[WhiteTitle "GM"]
[WhiteElo "2586"]
[Black "Lekkas, Frank"]
[BlackTitle "-"]
[BlackElo "1914"]
[Result "1-0"]
[Source "MonRoi"]

1. e4 c5 2. Nf3 Nc6 3. d4 cxd4 4. Nxd4 g6 5. c4 Nf6 6. Nc3 d6 7. Be2 Nxd4 8. Qxd4 Bg7 9. Be3 O-O 10. Qd2 Be6 11. O-O Qa5 12. Rfc1 Rfc8 13. b3 a6 14. Rab1 Nd7 15. b4 Qd8 16. Nd5 Bxd5 17. exd5 a5 18. a3 b6 19. h3 a5xb4 20. axb4 Ra3 21. Bg4 f5 22. Be2 Ra8 23. Bf1 Qf8 24. Rc2 Qf6 25. Bg5 Qf8 26. Re1 Nf6 27. f3 h6 28. Be3 Nd7 29. Bd4 g5 30. Re6 Ne5 31. c5 bxc5 32. bxc5 g4 33. f4 Nd7 34. cxd6 Bxd4 35. Qxd4 Ra4 36. Rc4 Rc4 37. BxRc4 e7xd6 38. hxg4 fxg4 39. Bb5

[Event "2010 Gold Coast International Chess Tournament"]
[Site "Gold Coast Australia"]
[EventDate "2010.12.26"]
[Date "2010.12.26"]
[Round "2"]
[White "Selnes, Hamish"]
[WhiteTitle "-"]
[WhiteElo "1895"]
[Black "Xie, George"]
[BlackTitle "IM"]
[BlackElo "2478"]
[Result "0-1"]
[Source "MonRoi"]

1. e4 c5 2. Nf3 Nc6 3. d4 cxd4 4. Nxd4 Nf6 5. Nc3 e6 6. Ndb5 d6 7. Bf4 e5 8. Bg5 a6 9. Na3 b5 10. Bxf6 gxf6 11. Nd5 Bg7 12. Bd3 Ne7 13. Nxe7 Qxe7 14. O-O O-O 15. c3 f5 16. exf5 e4 17. Be2 Bxf5 18. Nc2 Be6 19. a4 Bb3 20. axb5 axb5 21. Qd2 Bxc2 22. Qxc2 b4 23. f3 bxc3 24. bxc3 d5 25. fxe4 dxe4 26. Kh1 Rac8 27. Ra4 f5 28. Qa2 Kh8 29. Ra5 f4 30. Ra7 Qg5 31. Qb1 Rce8 32. Qb7 Re6 33. Rd1 f3 34. Bf1 Rg6 35. Qxe4 Qh5 36. Rdd7 Qg5 37. g3 Qc1 38. Kg1 Qxc3 39. Ra8 Qc5 40. Kh1 Rb6 41. Rxf8 Qxf8 42. Bd3 Rh6 43. Re7 Qf6 44. Re8 Bf8 45. Qa8 Kg7 46. Qb7 Qf7 47. Qb2 Rf6 48. Re4 f2 49. Rg4 Kh8 50. Kg2 Qd5 51. Kh3 Bg7 52. Qb8 Rf8 53. Qb1 Qe6 54. Bf1 h5  0-1

[Event "2010 Gold Coast International Chess Tournament"]
[Site "Gold Coast Australia"]
[EventDate "2010.12.26"]
[Date "2010.12.26"]
[Round "2"]
[White "Ly, Moulthun"]
[WhiteTitle "-"]
[WhiteElo "2321"]
[Black "Addamo, Michael"]
[BlackTitle "-"]
[BlackElo "1860"]
[Result "1-0"]
[Source "MonRoi"]

1. e4 c5 2. c3 d5 3. exd5 Qxd5 4. d4 Nf6 5. Nf3 e6 6. Nbd2 Nc6 7. Bc4 Qd8 8. Nb3 cxd4 9. Nbxd4 Nxd4 10. Nxd4 Be7 11. O-O O-O 12. Qe2 a6 13. Bf4 Bd6 14. Be5 b5 15. Bb3 Bxe5 16. Qxe5 Bb7 17. Rad1 Bd5 18. Nf5 Qb8 19. Ne7 Kh8 20. Qxb8 Raxb8 21. Nxd5 Nxd5 22. Bxd5 exd5 23. Rxd5 Rfd8 24. Rfd1 Rxd5 25. Rxd5 g6 26. Rd6 b4 27. c4 b3 28. a3 Rc8 29. Rd4 Kg7 30. Kf1 Kf6 31. Ke2 a5 32. Kd2 a4 33. Kc3 h5 34. Kb4 Ke5 35. Rd2 Ra8 36. c5 g5 37. c6 g4 38. Kc5 h4 39. c7 Rc8 40. Kc6 Ke4 41. Kb7 Rxc7 42. Kxc7 h3 43. gxh3 gxh3 44. Kd6 Kf3 45. Ke5 Kg2 46. f3 Kxf3 47. Rd4 Kg2 48. Rxa4 Kxh2 49. Rg4 Kh1 50. Kf4 h2 51. Kf3 f5 52. Rc4  1-0

[Event "2010 Gold Coast International Chess Tournament"]
[Site "Gold Coast Australia"]
[EventDate "2010.12.26"]
[Date "2010.12.26"]
[Round "2"]
[White "Ousmand, T N"]
[WhiteTitle "-"]
[WhiteElo "1757"]
[Black "Ikeda, Junta"]
[BlackTitle "FM"]
[BlackElo "2262"]
[Result "0-1"]
[Source "MonRoi"]

1. d4 g6 2. c4 d6 3. Nc3 a6 4. e4 Nd7 5. Be2 Bg7 6. Bg5 c5 7. d5 Qa5 8. Qd2 Rb8 9. f4 b5 10. cxb5 axb5 11. Nxb5 Rxb5 12. Bxb5 Qxb5 13. Rb1 Ngf6 14. Bxf6 Nxf6 15. Nf3 Nxe4 16. Qe2 Qb4 17. Nd2 Nxd2 18. Qxd2 Qe4 19. Kf2 Bd4 20. Kg3 Be3++  0-1

[Event "2010 Gold Coast International Chess Tournament"]
[Site "Gold Coast Australia"]
[EventDate "2010.12.26"]
[Date "2010.12.26"]
[Round "2"]
[White "Morris, James"]
[WhiteTitle "IM"]
[WhiteElo "2240"]
[Black "Renzies, Elliott"]
[BlackTitle "-"]
[BlackElo "1673"]
[Result "1-0"]
[Source "MonRoi"]

1. d4 Nf6 2. c4 e6 3. Nf3 Bb4+ 4. Nbd2 b6 5. a3 Be7 6. e4 d5 7. cxd5 exd5 8. e5 Ne4 9. Bd3 Bb7 10. Qe2 f5 11. exf6 Nxf6 12. Ng5 Bc8 13. Bxh7 Bg4 14. Bg6+ Kd7 15. f3 Ne4 16. Ndxe4 dxe4 17. Qxe4 Bxg5 18. Qxg4+ Kc6 19. Bxg5 Qd6 20. Be4+ Kb5 21. Qf5+ c5 22. a4+ Ka5 23. b4+ Kxb4 24. Bd2+ Kc4 25. Bd5+  1-0

[Event "2010 Gold Coast International Chess Tournament"]
[Site "Gold Coast Australia"]
[EventDate "2010.12.26"]
[Date "2010.12.26"]
[Round "2"]
[White "Nakauchi, Gene"]
[WhiteTitle "FM"]
[WhiteElo "2128"]
[Black "Lapitan, Daniel"]
[BlackTitle "-"]
[BlackElo "1638"]
[Result "1-0"]
[Source "MonRoi"]

1. d4 Nf6 2. c4 g6 3. g3 Bg7 4. Bg2 O-O 5. Nf3 d6 6. O-O Nbd7 7. Nc3 e5 8. e4 Ne8 9. Re1 exd4 10. Nxd4 Ne5 11. b3 f5 12. exf5 Bxf5 13. Nxf5 Rxf5 14. Be3 Nf3+ 15. Bxf3 Bxc3 16. Bd5+ Kh8 17. Bd4+ Bxd4 18. Qxd4+ Qf6 19. Qxf6+ Nxf6 20. Bxb7 Rb8 21. Bg2 Nd7 22. Re7 Ne5 23. Rxc7 Rbf8 24. f4 Nf7 25. Rxa7 g5 26. fxg5 Nxg5 27. Ra8 Rf2 28. Rxf8+ Rxf8 29. Bd5 Kg7 30. Kg2  1-0

[Event "2010 Gold Coast International Chess Tournament"]
[Site "Gold Coast Australia"]
[EventDate "2010.12.26"]
[Date "2010.12.26"]
[Round "2"]
[White "Simmonds, Leteisha"]
[WhiteTitle "-"]
[WhiteElo "1622"]
[Black "Guo, Emma"]
[BlackTitle "WFM"]
[BlackElo "1965"]
[Result "1/2-1/2"]
[Source "MonRoi"]

1. e4 c5 2. Nf3 Nc6 3. d4 cxd4 4. Nxd4 g6 5. c4 Bg7 6. Be3 Nf6 7. Nc3 d6 8. Be2 Bd7 9. Rc1 O-O 10. O-O h5 11. Qd2 Rc8 12. h3 Kh7 13. f4 Qa5 14. Nxc6 Bxc6 15. f5 Nd7 16. Bd3 Ne5 17. b3 Nxd3 18. Qxd3 Bxc3 19. Rxc3 Bxe4 20. fxg6 fxg6 21. Qd2 Rxf1 22. Kxf1 d5 23. Kf2 e5 24. Rc1 Qxd2 25. Bxd2 dxc4 26. Rxc4 Rxc4 27. bxc4 Kg7 28. Bg5 Kf7 29. g3 b6 30. Be3 Ke6 31. c5 b5 32. c6 Bxc6 33. Bxa7 Kd5 34. a3 g5 35. h4 g4 36. Ke3 Bd7  1/2-1/2

[Event "2010 Gold Coast International Chess Tournament"]
[Site "Gold Coast Australia"]
[EventDate "2010.12.26"]
[Date "2010.12.27"]
[Round "3"]
[White "Brown, Andrew"]
[WhiteTitle "-"]
[WhiteElo "2175"]
[Black "Zhao, Yuan-Zong"]
[BlackTitle "GM"]
[BlackElo "2586"]
[Result "1-0"]
[Source "MonRoi"]

1. d4 Nf6 2. c4 e6 3. Nf3 c5 4. d5 d6 5. Nc3 exd5 6. cxd5 g6 7. e4 a6 8. a4 Bg4 9. Be2 Bxf3 10. Bxf3 Nbd7 11. O-O Bg7 12. Bf4 Qe7 13. Qc2 O-O 14. h3 Rfe8 15. Rae1 Rac8 16. Bh2 c4 17. g4 Nc5 18. Bg2 Nd3 19. Re2 g5 20. f4 gxf4 21. Bxf4 Nd7 22. e5 N7xe5 23. Ne4 Nxf4 24. Rxf4 b5 25. g5 Qa7 26. Kh1 Nd3 27. Rh4 Bxb2 28. Nf6 Bxf6 29. gxf6 Kh8 30. Qd2 NF4 31. Be4 Rxe4 32. Rxe4 Rg8 33. Rg4 Ng6 34. h4 Qc5 35. h5 c3 36. hxg6 fxg6 37. Qd4 Qxd4 38. Rxd4 Rc8 39. Rg1 Kg8 40. Rc1 Kf7 41. Kg2 Kxf6 42. Kf3  1-0

[Event "2010 Gold Coast International Chess Tournament"]
[Site "Gold Coast Australia"]
[EventDate "2010.12.26"]
[Date "2010.12.27"]
[Round "3"]
[White "Xie, George"]
[WhiteTitle "IM"]
[WhiteElo "2478"]
[Black "Nakauchi, Gene"]
[BlackTitle "FM"]
[BlackElo "2128"]
[Result "1/2-1/2"]
[Source "MonRoi"]

1. Nf3 c5 2. c4 Nf6 3. Nc3 e6 4. a3 d5 5. cxd5 exd5 6. d4 cxd4 7. Nxd4 Be7 8. Bf4 O-O 9. e3 Nc6 10. Bb5 Bd7 11. O-O Rc8 12. Rc1 a6 13. Bd3 Nxd4 14. exd4 Qb6 15. Qd2 Rfe8 16. Be5 g6 17. Bb1 Bb5 18. Bxf6 Bxf6 19. Nxd5 Rxc1 20. Rxc1 Qxd4 21. Nxf6 Qxf6 22. Qc3 Qg5 23. Ba2 Bc6 24. g3 Qf5 25. Bc4 Qe4 26. f3 Qf5 27. Bxa6 Bxf3 28. Bd3 Qg5 29. Bf1 Bc6 30. Rd1 Re3 31. Qd2 Qe5 32. Qd8 Kg7 33. Qd4 Qxd4 34. Rxd4 f5 35. Rb4 Kf6 36. Kf2 Re4 37. Rxe4 Bxe4 38. a4 Ke5 39. Ke3 g5 40. Bd3 f4 41. gxf4 gxf4 42. Kd2 Kd4 43. Bxe4 Kxe4 44. Ke2 f3 45. Kf2 Kd3 46. a5 Kc4 47. Kxf3 Kb5 48. h4 Kxa5 49. Kg4 Kb4 50. Kg5 Kb3 51. Kh6 Kxb2 52. Kxh7 Ka2 53. h5 b5 54. h6 b4 55. Kg7 b3 56. h7 b2 57. h8Q b1Q 58. Qa8 Kb2 59. Qb7 Kc2 60. Qxb1 Kxb1  1/2-1/2

[Event "2010 Gold Coast International Chess Tournament"]
[Site "Gold Coast Australia"]
[EventDate "2010.12.26"]
[Date "2010.12.27"]
[Round "3"]
[White "Muller, Jonas"]
[WhiteTitle "-"]
[WhiteElo "1957"]
[Black "Ly, Moulthun"]
[BlackTitle "-"]
[BlackElo "2321"]
[Result "0-1"]
[Source "MonRoi"]

1. d4 Nf6 2. c4 g6 3. Nc3 Bg7 4. e4 O-O 5. e5 Ne8 6. f4 d6 7. Nf3 dxe5 8. fxe5 c5 9. dxc5 Qxd1 10. Kxd1 Bg4 11. Be2 Nc6 12. h3 Rd8 13. Ke1 Bxf3 14. Bxf3 Bxe5 15. Bxc6 bxc6 16. Bd2 Ng7 17. Rc1 Nf5 18. g4 Bg3 19. Ke2 Nd4 20. Kf1 Ne6 21. Be3 f5 22. Kg2 Bf4 23. Rce1 Bxe3 24. Rxe3 Nxc5 25. Rxe7 Rd2 26. Re2 Rd4 27. gxf5 Rxf5 28. Rhe1 Rxc4 29. Re8 Kg7 30. Rc8 Nd3 31. Re7 Rf7 32. Rxf7 Kxf7 33. Rc7 Ke6 34. Rxh7 Nxb2 35. Ne2 a5 36. Kf3 Nd3 37. Ra7 Ra4 38. Ke3 Ne5 39. Nc3 Rh4 40. Ke2 Rxh3 41. Kd2 Rh2 42. Ne2 g5 43. Ke3 g4 44. Nd4 Kd5 45. Nb3 Rxa2 46. Rxa5 Ke6  0-1

[Event "2010 Gold Coast International Chess Tournament"]
[Site "Gold Coast Australia"]
[EventDate "2010.12.26"]
[Date "2010.12.27"]
[Round "4"]
[White "Morris, James"]
[WhiteTitle "IM"]
[WhiteElo "2240"]
[Black "Ikeda, Junta"]
[BlackTitle "FM"]
[BlackElo "2262"]
[Result "0-1"]
[Source "MonRoi"]

1. e4 c5 2. Nc3 e6 3. f4 Nc6 4. Nf3 d6 5. Bc4 a6 6. a3 b5 7. Ba2 Nf6 8. O-O b4 9. Ne2 Nxe4 10. f5 exf5 11. d3 Nf6 12. Nf4 Be7 13. Ng5 d5 14. Nh5 g6 15. Nxf6 Bxf6 16. Qe1 Kf8 17. Nh3 Kg7 18. Nf4 Re8 19. Qg3 Bd4 20. Kh1 Be6 21. axb4 cxb4 22. h4 Kh8 23. Ne2 Bf6 24. Bg5 Ne5 25. Nf4 Bxg5 26. hxg5 Ng4 27. Qh4 h6 28. Rae1 Qxg5 29. Qxg5 hxg5 30. Nxd5 Kg7 31. Kg1 Rh8 32. Rf3 Bxd5 33. Bxd5 Rae8 34. Rxe8 Rxe8 35. Bb3 Re1 36. Rf1 Re2 37. Ra1 f4 38. d4 Ne3 39. Rxa6 g4 40. d5 g3 41. Ra1 Rxg2 42. Kh1  0-1

[Event "2010 Gold Coast International Chess Tournament"]
[Site "Gold Coast Australia"]
[EventDate "2010.12.26"]
[Date "2010.12.27"]
[Round "4"]
[White "Guo, Emma"]
[WhiteTitle "WFM"]
[WhiteElo "1965"]
[Black "Xie, George"]
[BlackTitle "IM"]
[BlackElo "2478"]
[Result "0-1"]
[Source "MonRoi"]

1. d4 e6 2. e4 d5 3. e5 c5 4. c3 Nc6 5. Nf3 Bd7 6. Bd3 Rc8 7. O-O cxd4 8. cxd4 Nb4 9. Nc3 Nxd3 10. Qxd3 Qb6 11. Nd2 Ne7 12. f4 Nf5 13. Nb3 h5 14. Be3 Nxe3 15. Qxe3 g6 16. Rac1 Be7 17. Na4 Qd8 18. Nac5 Bc6 19. Qg3 b6 20. f5 exf5 21. Nd3 h4 22. Qf3 Bb7 23. Nf4 Rxc1 24. Nxc1 Bc8 25. Qxd5 Qxd5 26. Nxd5 Bg5 27. Nd3 O-O 28. N5f4 Rd8 29. d5 Ba6 30. Rf3 Bxd3 31. Nxd3 Rxd5 32. Kf2 Rd4 33. Ke2 Re4 34. Kd1 Bh6  0-1

[Event "2010 Gold Coast International Chess Tournament"]
[Site "Gold Coast Australia"]
[EventDate "2010.12.26"]
[Date "2010.12.27"]
[Round "4"]
[White "Nakauchi, Gene"]
[WhiteTitle "FM"]
[WhiteElo "2128"]
[Black "Lester, George"]
[BlackTitle "-"]
[BlackElo "1934"]
[Result "1-0"]
[Source "MonRoi"]

1. d4 Nf6 2. c4 g6 3. g3 Bg7 4. Bg2 O-O 5. Nf3 d6 6. O-O Nc6 7. Nc3 a6 8. d5 Na5 9. Nd2 c5 10. a3 Ng4 11. Qc2 Ne5 12. b3 b5 13. cxb5 axb5 14. Nxb5 Rb8 15. Nc3 Bh6 16. Rb1 Ba6 17. b4 Bxd2 18. Bxd2 Nac4 19. Bc1 Qc7 20. b5 Bc8 21. h3 Bf5 22. e4 Bc8 23. f4 Nd7 24. Na4 Ndb6 25. Nxb6 Nxb6 26. a4 Qa7 27. Ra1 Nd7 28. Be3 Nf6 29. Rfb1 Bd7 30. Qc4 Qa5 31. Ra2 Ne8 32. Bd2 Qb6 33. Bf1  1-0

[Event "2010 Gold Coast International Chess Tournament"]
[Site "Gold Coast Australia"]
[EventDate "2010.12.26"]
[Date "2010.12.27"]
[Round "4"]
[White "Zhao, Yuan-Zong"]
[WhiteTitle "GM"]
[WhiteElo "2586"]
[Black "Yu, Sally"]
[BlackTitle "-"]
[BlackElo "1889"]
[Result "1-0"]
[Source "MonRoi"]

1. e4 e5 2. Nf3 Nc6 3. Bb5 a6 4. Ba4 Nf6 5. O-O Nxe4 6. d4 b5 7. Bb3 d5 8. dxe5 Be6 9. Nbd2 Nc5 10. c3 Be7 11. Nd4 Nxd4 12. cxd4 Nxb3 13. Nxb3 O-O 14. Be3 f6 15. Rc1 Rc8 16. Qd2 c6 17. exf6 Rxf6 18. Bg5 Rg6 19. Bxe7 Qxe7 20. Rc3 Rc7 21. Re1 Qf7 22. Nc5 Bc8 23. Qe2 Rf6 24. Re3 g6 25. Re8 Kg7 26. Qe5 a5 27. h3 h5 28. Re3 Kh7 29. Rf3 Bf5 30. g4  1-0

[Event "2010 Gold Coast International Chess Tournament"]
[Site "Gold Coast Australia"]
[EventDate "2010.12.26"]
[Date "2010.12.28"]
[Round "5"]
[White "Ikeda, Junta"]
[WhiteTitle "FM"]
[WhiteElo "2262"]
[Black "Ly, Moulthun"]
[BlackTitle "-"]
[BlackElo "2321"]
[Result "1/2-1/2"]
[Source "MonRoi"]

1. g3 Nf6 2. Bg2 g6 3. c4 d5 4. cxd5 Nxd5 5. Nc3 Nb6 6. d3 Bg7 7. Nf3 Nc6 8. O-O O-O 9. a3 a5 10. Qc2 e5 11. e3 a4 12. Ne4 Qe7 13. Nfd2 Nd8 14. b4 axb3 15. Nxb3 Ne6 16. Nc3 Nc5 17. Nd5 Nxd5 18. Nxc5 Rd8 19. Nb3 Ra6 20. Bb2 Rc6 21. Qd2  1/2-1/2

[Event "2010 Gold Coast International Chess Tournament"]
[Site "Gold Coast Australia"]
[EventDate "2010.12.26"]
[Date "2010.12.28"]
[Round "5"]
[White "Xie, George"]
[WhiteTitle "IM"]
[WhiteElo "2478"]
[Black "Morris, James"]
[BlackTitle "IM"]
[BlackElo "2240"]
[Result "1-0"]
[Source "MonRoi"]

1. Nf3 c5 2. c4 b6 3. Nc3 Bb7 4. e4 d6 5. d4 cxd4 6. Nxd4 Nf6 7. Qe2 Nbd7 8. g4 Nc5 9. Bg2 e5 10. Nf5 g6 11. Ng3 Ne6 12. Nd5 Bxd5 13. exd5 Nd4 14. Qd1 Qc8 15. O-O Qxg4 16. f3 Qh4 17. Qa4 b5 18. Qa6 Nd7 19. Qb7 Rb8 20. Qxa7 Be7 21. a4 bxc4 22. f4 Bd8 23. a5 Nb3 24. Ne4 O-O 25. Qxd7 Nxa1 26. Qxd6 Be7 27. Qxe5 Nb3 28. d6 Bd8 29. Be3 Ra8 30. Qd5 Bxa5 31. Qxc4 Rab8 32. f5 Rb4 33. Qd5 Bb6 34. Bxb6 Rxb6 35. fxg6 hxg6 36. Nf6 Kg7 37. Nd7 Qd8 38. Qe5  1-0

[Event "2010 Gold Coast International Chess Tournament"]
[Site "Gold Coast Australia"]
[EventDate "2010.12.26"]
[Date "2010.12.28"]
[Round "5"]
[White "Brown, Andrew"]
[WhiteTitle "-"]
[WhiteElo "2175"]
[Black "Nakauchi, Gene"]
[BlackTitle "FM"]
[BlackElo "2128"]
[Result "1-0"]
[Source "MonRoi"]

1. d4 Nf6 2. c4 c5 3. d5 e6 4. Nc3 exd5 5. cxd5 d6 6. e4 g6 7. f4 Bg7 8. Nf3 O-O 9. Be2 Nbd7 10. O-O Re8 11. Nd2 a6 12. a4 Qc7 13. Qc2 Nb6 14. a5 Nbxd5 15. exd5 Bf5 16. Qd1 c4 17. Nxc4 Ne4 18. Nxe4 Rxe4 19. Nb6 Rae8 20. Bf3 R4e7 21. h3 Qc5 22. Kh2 Qb5 23. Bd2 Bd3 24. Re1 Rxe1 25. Bxe1 Bxb2 26. Ra4 Be2 27. Bxe2 Qxe2 28. Qxe2 Rxe2 29. Bb4 Bd4 30. Bxd6 Bxb6 31. axb6 Rb2 32. Bc7 Kf8 33. d6 Rd2 34. Rxa6 Ke8 35. Ra7 Kd7 36. Rxb7 Kc6 37. Ra7 Rb2 38. d7 Kxd7  1-0

[Event "2010 Gold Coast International Chess Tournament"]
[Site "Gold Coast Australia"]
[EventDate "2010.12.26"]
[Date "2010.12.28"]
[Round "5"]
[White "Lapitan, Daniel"]
[WhiteTitle "-"]
[WhiteElo "1638"]
[Black "Zhao, Yuan-Zong"]
[BlackTitle "GM"]
[BlackElo "2586"]
[Result "0-1"]
[Source "MonRoi"]

1. e4 e6 2. d4 d5 3. Nd2 Nf6 4. e5 Nfd7 5. Bd3 c5 6. c3 Nc6 7. Ne2 cxd4 8. cxd4 f6 9. Nf4 Nxd4 10. Qh5 Ke7 11. Ng6 hxg6 12. exf6 Kxf6 13. Qxh8 Kf7 14. h4 Nc5 15. Bb1 Qf6 16. O-O Bd7 17. Re1 Rc8 18. h5 gxh5 19. Qxh5 g6 20. Qd1 Bd6 21. Nf3 Nxf3 22. Qxf3 Qxf3 23. gxf3 e5 24. Bd2 d4 25. Bb4 b6 26. a4 a5 27. Ba3 Kf6 28. Kg2 Be6 29. Bc2 Bd5 30. Be4 Bb3 31. Rec1 Rd8 32. Bxc5 bxc5 33. Bd3 Rb8 34. Bb5 Ke6 35. Bd3 Rb4 36. Kf1 c4 37. Bc2 Bxc2 38. Rxc2 Kd5 39. Ra2 d3 40. Rd2 Kd4 41. Kg2 Rb8 42. Kf1 Rh8 43. Kg2 Bb4 44. Rd1 d2 45. Raa1 Kd3 46. Rab1 Ke2 47. Kg3 Rf8 48. Kg2 Rxf3 49. Rf1 e4 50. Kg1 Bc5  0-1

[Event "2010 Gold Coast International Chess Tournament"]
[Site "Gold Coast Australia"]
[EventDate "2010.12.26"]
[Date "2010.12.28"]
[Round "5"]
[White "Lekkas, Frank"]
[WhiteTitle "-"]
[WhiteElo "1914"]
[Black "Muller, Jonas"]
[BlackTitle "-"]
[BlackElo "1957"]
[Result "0-1"]
[Source "MonRoi"]

1. e4 c5 2. Nf3 Nc6 3. d4 cxd4 4. Nxd4 Nf6 5. Nc3 e5 6. Ndb5 d6 7. Bg5 a6 8. Na3 b5 9. Bxf6 gxf6 10. Nd5 Bg7 11. Bd3 Ne7 12. Nxe7 Qxe7 13. O-O f5 14. c4 O-O 15. Qf3 Rb8 16. Nc2 bxc4 17. Bxc4 f4 18. b4 Qg5 19. h3 Bb7 20. Rac1 Rbc8 21. Bb3 Qg6 22. Rfe1 Rc7 23. Qe2 Rfc8 24. f3 Bf6 25. Red1 Bd8 26. b5 axb5 27. Qxb5 Bc6 28. Qb4 Be7 29. Qa5 Bd7 30. Kh1 Kh8 31. Qd2 Rg8 32. Nb4 Rxc1 33. Rxc1 Bxh3 34. gxh3 Qg3  0-1

[Event "2010 Gold Coast International Chess Tournament"]
[Site "Gold Coast Australia"]
[EventDate "2010.12.26"]
[Date "2010.12.28"]
[Round "6"]
[White "Ly, Moulthun"]
[WhiteTitle "-"]
[WhiteElo "2321"]
[Black "Xie, George"]
[BlackTitle "IM"]
[BlackElo "2478"]
[Result "1-0"]
[Source "MonRoi"]

1. e4 e6 2. d4 d5 3. exd5 exd5 4. c4 Nf6 5. Nc3 Be7 6. Bd3 O-O 7. Nge2 dxc4 8. Bxc4 Nbd7 9. O-O Nb6 10. Bb3 c6 11. Re1 Bf5 12. Ng3 Bg6 13. Bf4 Re8 14. Be5 Nfd5 15. Qf3 Qd7 16. Nge4 Rad8 17. Rad1 Qf5 18. Qg3 h5 19. Nd6 Bxd6 20. Bxd6 Qg4 21. Bc5 Nf4 22. f3 Qxg3 23. hxg3 Nd3 24. Rxe8 Rxe8 25. Ba3 Rd8 26. Ne4 Rxd4 27. Bc2 Rxe4 28. fxe4 Ne5 29. Rd8 Kh7 30. Rb8 Nbc4 31. Rxb7 a5 32. Bc5 Nd2 33. Be3 Ndc4 34. Bf4 Ng4 35. b3 Na3 36. Bd3 Nf6 37. Bc1 Nb5 38. Bxb5 cxb5 39. Rxb5 Nxe4 40. Kh2 a4 41. bxa4 Nc3 42. Ra5 f6 43. Bd2 Ne4 44. Be1 Bf7 45. a3 Bc4 46. Rxh5 Kg6 47. Rh8 Kf5 48. Rc8 Bd3 49. a5 Ke6 50. a6  1-0